| 000 | 01412cam a2200421 a 4500 | ||
|---|---|---|---|
| 001 | 4922595 | ||
| 003 | OSt | ||
| 005 | 20140310181716.0 | ||
| 008 | 950323s1993 ph a j b 000 1 eng | ||
| 010 | _a 94943872 | ||
| 020 | _a9716300239 | ||
| 020 | _a9716300263 (pbd) | ||
| 040 |
_aDLC _cDLC _dDLC |
||
| 042 | _alcac | ||
| 043 | _aa-ph--- | ||
| 050 | 0 | 0 |
_aGR 325 _b.C957 1993 |
| 082 | 0 | 0 |
_aFIL 398.242 _bSt1 1993 |
| 100 | 1 |
_aCruz, Neni Sta. Romana- _q(Neni Santa Romana) _92351 |
|
| 245 | 1 | 0 |
_aWhy the piƱa has a hundred eyes and other classic Philippine folk tales about fruits / _cas told by Neni Sta. Romana-Cruz ; illustrated by Felix Mago Miguel. |
| 250 | _a1st hardcover ed. | ||
| 260 |
_aManila : _bTahanan Books for Young Readers : _bDistributed by Bookmark, _cc1993. |
||
| 300 |
_a55 p. ; _bill. ; _c26 cm. |
||
| 440 | 2 |
_aA treasury of Philippine folk tales _92352 |
|
| 504 | _aIncludes bibliographical references (p. 54-55). | ||
| 521 | _aBasic Ed. Students | ||
| 541 | _j1 | ||
| 541 | _j2 | ||
| 541 | _j3 | ||
| 562 | _e3 | ||
| 650 | 0 |
_aTales _zPhilippines. _92353 |
|
| 650 | 0 |
_aFruit _vFolklore. _92354 |
|
| 650 | 1 |
_aFolklore _zPhilippines. _92355 |
|
| 650 | 1 |
_aFruit _vFolklore. _92356 |
|
| 700 | 1 |
_aMiguel, Felix Mago, _eill. _92357 |
|
| 906 |
_a7 _bcbc _corignew _d3 _encip _f19 _gy-gencatlg |
||
| 942 |
_2lcc _cBK-FIL _kFIL |
||
| 999 |
_c1767 _d1767 |
||